书目信息 |
| 题名: |
中国近代思想家文库
|
|
| 作者: | 欧阳哲生, 编 | |
| 分册: | 傅斯年卷 | |
| 出版信息: | 北京 中国人民大学出版社 2015.1 |
|
| 页数: | 28,568页 | |
| 开本: | 23cm | |
| 丛书名: | ||
| 单 册: | ||
| 中图分类: | B250.5 , K827=7 | |
| 科图分类: | ||
| 主题词: | 思想史--si xiang shi--研究--中国--近代 , 研究--yan jiu , 中国--zhong guo | |
| 电子资源: | ||
| ISBN: | 978-7-300-18722-8 | |
| 000 | 01087nam0 22003131 450 | |
| 001 | 1761117464 | |
| 005 | 20170620172344.09 | |
| 010 | @a978-7-300-18722-8@dCNY89.00 | |
| 100 | @a20150104d2015 em y0chiy50 ea | |
| 101 | 0 | @achi |
| 102 | @aCN@b110000 | |
| 105 | @ay a 000yy | |
| 106 | @ar | |
| 200 | 1 | @a中国近代思想家文库@9zhong guo jin dai si xiang jia wen ku@i傅斯年卷@f欧阳哲生编 |
| 210 | @a北京@c中国人民大学出版社@d2015.1 | |
| 215 | @a28,568页@d23cm | |
| 300 | @a国家出版基金项目 | |
| 320 | @a有书目 | |
| 330 | @a本卷选录文字依内容分为:卷一为五四时期的代表作,卷二为史学思想与史学方法的论述,卷三为三四十年代的时评政论,卷四为教育方面的文字。大体反映了傅斯年在各方面的思想 | |
| 517 | 1 | @a傅斯年卷@9fu si nian juan |
| 600 | 0 | @a傅斯年,@9fu si nian ,@f1896-1950@x思想评论 |
| 606 | 0 | @a思想史@9si xiang shi@x研究@y中国@z近代 |
| 606 | 0 | @a研究@9yan jiu |
| 606 | 0 | @a中国@9zhong guo |
| 690 | @aB250.5@v5 | |
| 690 | @aK827=7@v5 | |
| 701 | 0 | @a欧阳哲生,@9ou yang zhe sheng ,@f1962-@4编 |
| 801 | 0 | @aCN@b百万庄@c20170619 |
| 905 | @b1014687-92@dB250.5@e64:23@f6 | |
| 中国近代思想家文库.傅斯年卷/欧阳哲生编.-北京:中国人民大学出版社,2015.1 |
| 28,568页;23cm |
| 国家出版基金项目 |
| ISBN 978-7-300-18722-8:CNY89.00 |
| 本卷选录文字依内容分为:卷一为五四时期的代表作,卷二为史学思想与史学方法的论述,卷三为三四十年代的时评政论,卷四为教育方面的文字。大体反映了傅斯年在各方面的思想 |
| ● |
| 相关链接 |
|
|
|
|
正题名:中国近代思想家文库
索取号:B250.5/64:23
 
预约/预借
| 序号 | 登录号 | 条形码 | 馆藏地/架位号 | 状态 | 备注 |
| 1 | 1014687 | 210146876 | 第一样本阅览室/ [索取号:B250.5/64:23] | 在馆 | |
| 2 | 1014688 | 210146885 | 教育系资料室/ [索取号:B250.5/64:23] | 在馆 | |
| 3 | 1014689 | 210146894 | 教育系资料室/ [索取号:B250.5/64:23] | 在馆 | |
| 4 | 1014690 | 210146901 | 教育系资料室/ [索取号:B250.5/64:23] | 在馆 | |
| 5 | 1014691 | 210146910 | 第一借阅区/ [索取号:B250.5/64:23] | 在馆 | |
| 6 | 1014692 | 210146929 | 第一借阅区/ [索取号:B250.5/64:23] | 在馆 |